Statistiques concernant Américains célèbres par images (partie 2)

Cliquez ici pour prendre le quiz!

Statistiques générales

  • Ce quiz a été pris 194 fois
  • Le résultat moyen est 11 sur 16

Statistiques - réponses

Réponse% Correct
Barack Obama
100%
Brad Pitt
92%
Serena Williams
89%
Hillary Clinton
85%
Rosa Parks
74%
Bill Gates
72%
Scarlett Johansson
67%
Arnold Schwarzenegger
65%
Clint Eastwood
65%
Lance Armstrong
62%
George W.Bush
54%
George Lucas
51%
Franklin Delano Roosevelt
50%
Theodore Roosevelt
50%
Tom Brady
48%
Thomas Edison
43%

Distribution des résultats

Percentile par nombre de réponses

% des personnes avec chaque résultat

Votre développement - résultats

Vous n’avez pas pris ce quiz